Countries with 2 or more words - Statistics

General Stats
  • This quiz has been taken 26 times
  • The average score is 29 of 36
Answer Stats
Answer % Correct
Democratic Republic of the congo
96%
Republic of the congo
96%
United states
96%
Papua new guinea
92%
Dominican republic
88%
New zealand
88%
North korea
88%
South korea
88%
Trinidad and tobago
88%
United kingdom
88%
Antigua and barbuda
83%
Equatorial guinea
83%
Saint lucia
83%
Saint vincent and the grenadines
83%
South africa
83%
United arab emirates
83%
Bosnia and herzegovina
79%
East timor
79%
Ivory coast
79%
Marshall islands
79%
San marino
79%
Sao tome and principe
79%
Saudi arabia
79%
Sierra leone
79%
South sudan
79%
Central african republic
75%
El salvador
75%
Guinea bissau
75%
North macedonia
75%
Saint kitts and nevis
75%
Sri lanka
75%
Vatican city
75%
Burkina faso
71%
Solomon islands
71%
Costa rica
67%
Cabo verde
54%
No matching quizzes found
Score Distribution
Percent of People with Each Score
Percentile by Number Answered
Your Score History
You have not taken this quiz